Пространство исторической архитектуры Тверской области. Ч. 2: Юго-Восточные районы (Запись № 13650278)
[ простой вид ]
| 000 -МАРКЕР | |
|---|---|
| контрольное поле | 01825nam2a2200241 4500 |
| 001 - ИДЕНТИФИКАТОР ЗАПИСИ | |
| контрольное поле | RU\NLR\BIBL_A\022728645 |
| 005 - ИДЕНТИФИКАТОР ВЕРСИИ | |
| контрольное поле | 20260408134626.0 |
| 010 ## - МЕЖДУНАРОДНЫЙ СТАНДАРТНЫЙ НОМЕР КНИГИ (ISBN) | |
| Номер (ISBN) | 978-5-4465-4548-3 |
| Тираж | 50 |
| 021 ## - НОМЕР ГОСУДАРСТВЕННОЙ РЕГИСТРАЦИИ | |
| Код страны | Российская Федерация |
| Номер | КН-П-25-080100 |
| Номер Листа государственной регистраци | КН-П-25-7766 |
| 035 ## - ДРУГИЕ СИСТЕМНЫЕ НОМЕРА | |
| Идентификатор записи | (NLR Aleph) 022728645 |
| 100 ## - ДАННЫЕ ОБЩЕЙ ОБРАБОТКИ | |
| Данные общей обработки | 20260216d2025 u y0rusy50 ca |
| 101 0# - ЯЗЫК РЕСУРСА | |
| Язык текста, звукозаписи и т.д. | русский |
| 102 ## - СТРАНА ПУБЛИКАЦИИ ИЛИ ПРОИЗВОДСТВА | |
| Страна публикации | Российская Федерация |
| 105 ## - ПОЛЕ КОДИРОВАННЫХ ДАННЫХ: ТЕКСТОВЫЕ МАТЕРИАЛЫ, МОНОГРАФИЧЕСКИЕ | |
| Кодированные данные о монографическом текстовом документе | ach z 000yy |
| 200 1# - ЗАГЛАВИЕ И СВЕДЕНИЯ ОБ ОТВЕТСТВЕННОСТИ | |
| Основное заглавие | Юго-Восточные районы |
| 210 ## - ПУБЛИКАЦИЯ, РАСПРОСТРАНЕНИЕ И ДР. | |
| Дата издания, распространения и т.д. | 2025 |
| 215 ## - ФИЗИЧЕСКАЯ ХАРАКТЕРИСТИКА | |
| Специфическое обозначение материала и объем | 59 с. |
| Другие сведения о физической характеристике | ил., портр., факс. |
| 461 #0 - УРОВЕНЬ НАБОРА | |
| Встроенное поле | 001RU\NLR\BIBL_A\022728631 |
| -- | 2001#$aПространство исторической архитектуры Тверской области$eграфические работы Борисова Сергея Владимировича$eв 2-х частях$fМосковский архитектурный институт, Кафедра "Храмовое зодчество", Кафедра "Основы архитектурного проектирования"$vЧ. 2 |
| -- | 700#1$aБорисов$bС. В.$cканд. архитектуры$f1970-$gСергей Владимирович$3RU\NLR\AUTH\7783955 |
| Системный номер (АБИС) связанной записи | 13654124 |
| Автор | Борисов, С. В. (канд. архитектуры ; 1970-) |
| Место публикации | Москва |
| Дата публикации | 2025 |
| Первые сведения об ответственности | Московский архитектурный институт, Кафедра "Храмовое зодчество", Кафедра "Основы архитектурного проектирования" |
| Имя издателя, распространителя и т.д. | Буки Веди |
| Сведения, относящиеся к заглавию | графические работы Борисова Сергея Владимировича : в 2-х частях |
| Заглавие | Пространство исторической архитектуры Тверской области |
| ISBN | 978-5-4465-4549-0 |
| Номер тома | Ч. 2 |
| 942 ## - ДОПОЛНИТЕЛЬНЫЕ ЭЛЕМЕНТЫ ЗАПИСИ (АБИС) | |
| Тип экземпляра АБИС | Книга |
| 980 ## - КОЛЛЕКЦИЯ | |
| Название коллекции | Национальная библиография |
Нет доступных экземпляров.